Normal view MARC view
  • Tracks in The Snow

Entry Topical Term

Number of records used in: 1

001 - CONTROL NUMBER

  • control field: 107938

003 - CONTROL NUMBER IDENTIFIER

  • control field: NUST

005 - DATE AND TIME OF LATEST TRANSACTION

  • control field: 20230127143820.0

008 - FIXED-LENGTH DATA ELEMENTS

  • fixed length control field: 230127|| aca||aabn | a|a d

040 ## - CATALOGING SOURCE

  • Original cataloging agency: NUST
  • Transcribing agency: NUST

150 ## - HEADING--TOPICAL TERM

  • Topical term or geographic name entry element: Tracks in The Snow

670 ## - SOURCE DATA FOUND

  • Source citation: Work cat.: (NUST)186176: Thomas-Haig,David 107937, Tracks in The Snow /, 139
© 2023 Central Library, National University of Sciences and Technology. All Rights Reserved.